ARRUPE JESUIT UNIVERSITY

CORONAVIRUS -STOP THE SPREAD - CLEAN,DISINFECT,COVER
Normal view MARC view

Entry Personal Name

Number of records used in: 1

001 - CONTROL NUMBER

  • control field: 49938

003 - CONTROL NUMBER IDENTIFIER

  • control field: ARRUPE

005 - DATE AND TIME OF LATEST TRANSACTION

  • control field: 20201020142339.0

008 - FIXED-LENGTH DATA ELEMENTS

  • fixed length control field: 201020|| aca||aabn | a|a d

040 ## - CATALOGING SOURCE

  • Original cataloging agency: ARRUPE
  • Transcribing agency: ARRUPE

100 ## - HEADING--PERSONAL NAME

  • Personal name: Schwab, Klaus,
  • Dates associated with a name: 1938-
  • Relator term: author.

670 ## - SOURCE DATA FOUND

  • Source citation: Work cat.: (ARRUPE)0: Schwab, Klaus, 1938- author., Shaping the future of the fourth industrial revolution :

 

Arrupe Library. PO Box MP320 Mt Pleasant, Harare, Zimbabwe
263 242 745411|librarian@aju.ac.zw